Districts of Suriname on a Map - Statistics

General Stats
  • This quiz has been taken 4,913 times
  • The average score is 6 of 10
Answers on the Map
Answers color-coded by a green-red scale on the quiz's map according to % correct below.
 
Answer Stats
District % Correct
Para
95%
Paramaribo
89%
Sipaliwini
54%
Brokopondo
53%
Nickerie
53%
Coronie
48%
Commewijne
47%
Marowijne
46%
Wanica
46%
Saramacca
42%
No matching quizzes found
Score Distribution
Percent of People with Each Score
Percentile by Number Answered
Your Score History
You have not taken this quiz